The RICS publishes important guidance notes for agents (Record no. 60149)
[ view plain ]
| 000 -LEADER | |
|---|---|
| fixed length control field | 01096cam a2200229 4500 |
| 001 - CONTROL NUMBER | |
| control field | ABS61434 |
| 008 - FIXED-LENGTH DATA ELEMENTS--GENERAL INFORMATION | |
| fixed length control field | 000000n1999 000 0 eng u |
| 035 ## - SYSTEM CONTROL NUMBER | |
| System control number | (Sirsi) u100550 |
| 100 ## - MAIN ENTRY--PERSONAL NAME | |
| Personal name | Murphy, G. |
| 245 #4 - TITLE STATEMENT | |
| Title | The RICS publishes important guidance notes for agents |
| 260 ## - PUBLICATION, DISTRIBUTION, ETC. | |
| Date of publication, distribution, etc. | 1999 |
| 490 ## - SERIES STATEMENT | |
| Series statement | CSM (Chartered Surveyor Monthly) |
| Volume/sequential designation | 8(1/12) July/August 1999, 24-25; 9(1) September 1999, 22-23(4) |
| 520 ## - SUMMARY, ETC. | |
| Summary, etc. | Discusses the RICS "Manual of estate agency law and practice", which may become know as the "Blue Book". The first part of two articles explains the key areas of the law summarised in the Blue Book. The second article reviews the best practice procedures suggested in the 'Manual of estate agency law and practice' . It includes guidance on how to maintain good standards of professional competence. |
| 590 ## - LOCAL NOTE (RLIN) | |
| Local note | ABS |
| 650 ## - SUBJECT ADDED ENTRY--TOPICAL TERM | |
| Topical term or geographic name entry element | ESTATE AGENTS ACT 1979 |
| 650 ## - SUBJECT ADDED ENTRY--TOPICAL TERM | |
| Topical term or geographic name entry element | GOOD PRACTICE |
| 650 ## - SUBJECT ADDED ENTRY--TOPICAL TERM | |
| Topical term or geographic name entry element | RICS MANUAL OF ESTATE AGENCY LAW AND PRACTICE |
| 650 ## - SUBJECT ADDED ENTRY--TOPICAL TERM | |
| Topical term or geographic name entry element | RICS |
| 690 ## - LOCAL SUBJECT ADDED ENTRY--TOPICAL TERM (OCLC, RLIN) | |
| Topical term or geographic name as entry element | MANAGEMENT-BUSINESS MANAGEMENT-PROFESSIONAL PRACTICE |
| 700 ## - ADDED ENTRY--PERSONAL NAME | |
| Personal name | Tugwell, A. |
| 942 ## - ADDED ENTRY ELEMENTS (KOHA) | |
| Suppress in OPAC | 0 |
| Withdrawn status | Lost status | Source of classification or shelving scheme | Damaged status | Not for loan | Home library | Current library | Shelving location | Date acquired | Total Checkouts | Full call number | Barcode | Date last seen | Copy number | Price effective from | Koha item type |
|---|---|---|---|---|---|---|---|---|---|---|---|---|---|---|---|
| Dewey Decimal Classification | London | London | Journal article | 19/10/1999 | ABS61434 | 100550-1001 | 06/08/2019 | 1 | 06/08/2019 | Journal article |